Complete MRCPsych : Part 2 (Record no. 154562)

MARC details
000 -LEADER
fixed length control field 00366nam a2200145Ia 4500
008 - FIXED-LENGTH DATA ELEMENTS--GENERAL INFORMATION
fixed length control field 230411s9999 xx 000 0 und d
020 ## - INTERNATIONAL STANDARD BOOK NUMBER
International Standard Book Number 0-7020-1808-2
041 ## - LANGUAGE CODE
Language code of text/sound track or separate title eng
082 ## - DEWEY DECIMAL CLASSIFICATION NUMBER
Classification number F/616.89/PAT/B03750
100 ## - MAIN ENTRY--PERSONAL NAME
Personal name Patel Ashok
245 ## - TITLE STATEMENT
Title Complete MRCPsych : Part 2
260 ## - PUBLICATION, DISTRIBUTION, ETC. (IMPRINT)
Name of publisher, distributor, etc. W B Saunders Company
Place of publication, distribution, etc. London
Date of publication, distribution, etc. 1994
300 ## - PHYSICAL DESCRIPTION
Extent 231p
Holdings
Withdrawn status Lost status Damaged status Not for loan Collection code Home library Current library Date acquired Vendor Cost, normal purchase price Total Checkouts Full call number Barcode Date last seen Cost, replacement price Bill Date Koha item type Original Barcode
          Smt. Bakul Tambat Institute of Nursing Education Smt. Bakul Tambat Institute of Nursing Education 03/10/2006 British Library 50.00   F 616.89 PAT B03750 BTIN-BK-3750 11/04/2023 50.00 03/10/2006 Books B03750